00396nam a2200145Ia 45000010005000000030009000050050017000140080041000310400013000720820020000852450049001052600078001543000011002325460007002435040PK-LaUMT20221112142618.0140319s9999 xx 000 0 und d cPK-LaUMT aR 315.491bTEN- a10 years of Pakistan in Statistics : 1972-82 aKarachi,Pakistan:bFederal Bureau of Statistics, Govt. of Pakistan,c1983 a616 p. aEN